[Event "Mistrzostwa Malopolski A"]
[Site "Krakow, Hotel Europejski"]
[Date "2013.??.??"]
[Round "6.12"]
[White "Gawronski, Lukasz"]
[Black "Zajac, Mateusz"]
[Result "1-0"]
[WhiteElo "2063"]
[BlackElo "2060"]
[PlyCount "79"]
[EventDate "2013.??.??"]

1. d4 c5 2. d5 Nf6 3. Nc3 d6 4. e4 g6 5. Nf3 Bg4 6. Be2 Bg7 7. O-O O-O 8. Nd2
Bxe2 9. Qxe2 Nbd7 10. Nc4 Ne8 11. Bg5 Nc7 12. Bh4 Ne5 13. Ne3 Bf6 14. Bxf6 exf6
15. f4 Nd7 16. Rae1 Qe7 17. Nc4 Rfe8 18. Qf3 b5 19. Na5 b4 20. Nc6 Qf8 21. Nb1
a5 22. Nd2 Nb8 23. Nc4 Nxc6 24. dxc6 Nb5 25. c3 Ra7 26. Nb6 Nc7 27. Nd7 Qg7 28.
e5 dxe5 29. fxe5 f5 30. Nf6+ Kf8 31. Nxe8 Kxe8 32. Qd3 Ne6 33. Qb5 Rc7 34. Qxa5
bxc3 35. bxc3 Qh6 36. Qa8+ Ke7 37. Rf2 Qh4 38. Rd1 Qe4 39. Qh8 Qxc6 40. Rfd2
1-0

[Event "Mistrzostwa Malopolski A"]
[Site "Krakow, Hotel Europejski"]
[Date "2013.??.??"]
[Round "6.13"]
[White "Ociepka, Tomasz"]
[Black "Zadlo, Maciej"]
[Result "1/2-1/2"]
[WhiteElo "1812"]
[BlackElo "1814"]
[PlyCount "44"]
[EventDate "2013.??.??"]

1. e4 c6 2. c4 d5 3. exd5 cxd5 4. cxd5 Nf6 5. Bb5+ Nbd7 6. Nc3 g6 7. d4 Bg7 8.
Bf4 a6 9. Qa4 O-O 10. Bxd7 Nxd7 11. Nf3 b5 12. Qb3 Nb6 13. O-O Bb7 14. Ne5 Nxd5
15. Bg3 Rc8 16. a3 Bxe5 17. Bxe5 Nxc3 18. bxc3 Qd5 19. Qxd5 Bxd5 20. Rfc1 Rc4
21. Bf4 b4 22. cxb4 Rxd4 1/2-1/2

[Event "Mistrzostwa Malopolski A"]
[Site "Krakow, Hotel Europejski"]
[Date "2013.??.??"]
[Round "6.14"]
[White "Knapik, Andrzej"]
[Black "Klementys, Jerzy"]
[Result "0-1"]
[WhiteElo "1930"]
[BlackElo "1800"]
[PlyCount "72"]
[EventDate "2013.??.??"]

1. e4 c5 2. Nf3 d6 3. d4 cxd4 4. Nxd4 Nf6 5. Nc3 a6 6. Bg5 e6 7. f4 Be7 8. Qf3
Nbd7 9. O-O-O Qc7 10. Bd3 b5 11. Rhe1 Bb7 12. Qg3 b4 13. Nb1 Rc8 14. e5 dxe5
15. fxe5 Nh5 16. Qh4 Bxg5+ 17. Qxg5 g6 18. g4 Ng7 19. Qh6 O-O 20. Re3 Rfd8 21.
Qf4 Nc5 22. c3 Qa5 23. Nb3 Qxa2 24. Nxc5 Rxc5 25. Qxb4 Rc7 26. c4 Rxd3 27.
Rexd3 Rxc4+ 28. Qc3 h5 29. Rd8+ Kh7 30. Rb8 Be4 31. Rdd8 g5 32. gxh5 Nxh5 33.
Qxc4 Qxc4+ 34. Nc3 Qf1+ 35. Kd2 Qf2+ 36. Ne2 Nf4 0-1

[Event "Mistrzostwa Malopolski A"]
[Site "Krakow, Hotel Europejski"]
[Date "2013.??.??"]
[Round "6.15"]
[White "Zaboklicki, Zbigniew"]
[Black "Blasiak, Miroslaw"]
[Result "0-1"]
[WhiteElo "1835"]
[BlackElo "1879"]
[PlyCount "114"]
[EventDate "2013.??.??"]

1. d4 d5 2. c4 e6 3. Nc3 Nf6 4. Bg5 Be7 5. e3 O-O 6. Nf3 h6 7. Bxf6 Bxf6 8. Qc2
c5 9. Rd1 Nc6 10. Be2 cxd4 11. exd4 dxc4 12. O-O b6 13. Bxc4 Bb7 14. Qe2 Nxd4
15. Nxd4 Bxd4 16. Nb5 Qg5 17. g3 Bc5 18. Nc3 Rad8 19. Bd3 Qe7 20. a3 a5 21. Ne4
Bd4 22. Rd2 e5 23. Rc1 Rc8 24. Rdc2 Rxc2 25. Rxc2 Rc8 26. Rxc8+ Bxc8 27. Qc2
Bb7 28. h4 g6 29. Qd2 Kg7 30. Qc2 Qd7 31. Kh2 Qd5 32. f3 Bc5 33. Nxc5 Qxc5 34.
Qe2 Qd4 35. Be4 Bc8 36. Bd3 f5 37. Qc2 Qc5 38. Qe2 Be6 39. b4 axb4 40. axb4 Qd4
41. Qc2 Kf6 42. Bf1 Qxb4 43. Qc7 Qc5 44. Qb8 h5 45. Qh8+ Ke7 46. Qb8 Qd4 47.
Qa7+ Kf6 48. Qh7 Bf7 49. Qh8+ Ke7 50. Qb8 f4 51. Qc7+ Kf6 52. Qc6+ Kg7 53. Bg2
fxg3+ 54. Kxg3 Bd5 55. Qc7+ Bf7 56. Qc6 Qf4+ 57. Kh3 b5 0-1

[Event "Mistrzostwa Malopolski A"]
[Site "Krakow, Hotel Europejski"]
[Date "2013.??.??"]
[Round "7.1"]
[White "Jakubiec, Artur"]
[Black "Barski, Radoslaw"]
[Result "1-0"]
[WhiteElo "2531"]
[BlackElo "2238"]
[PlyCount "63"]
[EventDate "2013.??.??"]

1. e4 c5 2. Nf3 e6 3. c3 Nf6 4. e5 Nd5 5. d4 cxd4 6. cxd4 d6 7. a3 Nc6 8. Bd3
a6 9. O-O Bd7 10. Re1 Be7 11. Nbd2 dxe5 12. dxe5 Qb8 13. Nf1 O-O 14. Qc2 g6 15.
Bh6 Rc8 16. Qd2 b5 17. Be4 Nb6 18. Bg5 Bf8 19. Qf4 Ra7 20. Ne3 Ne7 21. Ng4 Ned5
22. Qg3 Be8 23. Bh6 Be7 24. Qh3 Rc5 25. Rad1 Qd8 26. b3 Rc8 27. Nf6+ Bxf6 28.
exf6 Bc6 29. Ne5 Ba8 30. Bg7 h5 31. Ng4 Qd7 32. Qxh5 1-0

[Event "Mistrzostwa Malopolski A"]
[Site "Krakow, Hotel Europejski"]
[Date "2013.??.??"]
[Round "7.2"]
[White "Szuper, Paul"]
[Black "Tokarski, Lukasz"]
[Result "1/2-1/2"]
[WhiteElo "2188"]
[BlackElo "2270"]
[PlyCount "70"]
[EventDate "2013.??.??"]

1. d4 Nf6 2. c4 g6 3. Nc3 Bg7 4. g3 O-O 5. Bg2 d6 6. e3 Nbd7 7. Nge2 e5 8. O-O
Re8 9. h3 c6 10. d5 cxd5 11. cxd5 e4 12. g4 Nc5 13. Ng3 Re5 14. b4 Nd3 15. Ba3
a5 16. b5 Nb4 17. Ncxe4 Nxe4 18. Bxe4 Qh4 19. Bg2 h5 20. Bb2 hxg4 21. Bxe5 Bxe5
22. a3 gxh3 23. Bf3 Bxa1 24. Qxa1 Nd3 25. Kh2 Bd7 26. Be2 Ne5 27. Qd4 Qxd4 28.
exd4 Ng4+ 29. Bxg4 Bxg4 30. f3 Bd7 31. Ne4 Bxb5 32. Rc1 Be2 33. Rc3 Rd8 34.
Kxh3 b5 35. Kg3 Bc4 1/2-1/2

[Event "Mistrzostwa Malopolski A"]
[Site "Krakow, Hotel Europejski"]
[Date "2013.??.??"]
[Round "7.3"]
[White "Tyukhanov, Alexey"]
[Black "Mikrut, Dariusz"]
[Result "0-1"]
[WhiteElo "2237"]
[BlackElo "2361"]
[PlyCount "110"]
[EventDate "2013.??.??"]

1. e4 c5 2. Nf3 d6 3. c3 Nf6 4. Bd3 Nc6 5. Bc2 Bg4 6. d3 e6 7. h3 Bh5 8. Nbd2
Be7 9. Nf1 h6 10. Ng3 Bg6 11. O-O d5 12. Qe2 Qc7 13. Re1 O-O 14. Bd2 b5 15. a3
a5 16. Rac1 Qb6 17. exd5 Nxd5 18. Ne4 Rfd8 19. Bb1 Rac8 20. Red1 Bf8 21. Be1 b4
22. Nfd2 bxc3 23. Nc4 Nd4 24. Qf1 Qa6 25. bxc3 Nb3 26. Rc2 Nf4 27. f3 Nxd3 28.
Ne5 c4 29. Nxd3 cxd3 30. Rb2 Nc5 31. Nf2 Na4 32. Rb3 Qc4 33. Rb7 Nc5 34. Rb2
Be7 35. Ng4 Qa4 36. Bd2 Bd6 37. Ne3 Nb3 38. Be1 Qxa3 39. Ra2 Qc5 40. Qf2 Bf4
41. Nf1 Qb5 42. Rb2 a4 43. Ba2 Bd6 44. Bd2 Bc5 45. Ne3 Rb8 46. Kh1 Qa6 47. Qg3
Bd6 48. Qh4 Ba3 49. Rbb1 Nxd2 50. Rxd2 Rxb1+ 51. Bxb1 Qb6 52. Rd1 Ra8 53. Nf1
Qb3 54. Qe1 Rd8 55. Qd2 Bb2 0-1

[Event "Mistrzostwa Malopolski A"]
[Site "Krakow, Hotel Europejski"]
[Date "2013.??.??"]
[Round "7.4"]
[White "Watorek, Marcin"]
[Black "Jakubiec, Edyta"]
[Result "1-0"]
[WhiteElo "2109"]
[BlackElo "2237"]
[PlyCount "88"]
[EventDate "2013.??.??"]

1. d4 f5 2. c4 Nf6 3. g3 g6 4. Bg2 Bg7 5. Nf3 O-O 6. Nc3 d6 7. O-O Qe8 8. d5 a5
9. e4 Nxe4 10. Nxe4 fxe4 11. Ng5 e3 12. Bxe3 Bxb2 13. Rb1 Bg7 14. Ne6 Na6 15.
Nxf8 Qxf8 16. Bd4 Bxd4 17. Qxd4 Nc5 18. Rfe1 Bf5 19. Rbd1 Re8 20. Re3 Qg7 21.
Qh4 Nd7 22. Rde1 Ne5 23. c5 g5 24. Qa4 Bd7 25. Qxa5 b6 26. Qa7 bxc5 27. Rxe5
dxe5 28. Qxc7 e6 29. Qxc5 exd5 30. Bxd5+ Kh8 31. Qd6 g4 32. Be4 Qf7 33. Rc1 Qe6
34. Qxe6 Rxe6 35. Rd1 Re7 36. Rd6 Bb5 37. Bd3 Bd7 38. Be4 Kg7 39. Bc6 Bxc6 40.
Rxc6 Ra7 41. Rc5 Rxa2 42. Rxe5 Ra4 43. Rg5+ Kf6 44. Rh5 Kg6 1-0

[Event "Mistrzostwa Malopolski A"]
[Site "Krakow, Hotel Europejski"]
[Date "2013.??.??"]
[Round "7.5"]
[White "Bus, Konrad"]
[Black "Mucha, Roman"]
[Result "0-1"]
[WhiteElo "2077"]
[BlackElo "2177"]
[PlyCount "60"]
[EventDate "2013.??.??"]

1. Nf3 f5 2. c4 Nf6 3. g3 g6 4. Bg2 Bg7 5. O-O O-O 6. d4 d6 7. Nc3 Nc6 8. d5
Ne5 9. Nxe5 dxe5 10. e4 f4 11. gxf4 exf4 12. e5 Ng4 13. e6 Ne5 14. Qb3 f3 15.
Bh3 g5 16. Rd1 Qe8 17. Bf1 Qh5 18. h3 Ng4 19. Ne4 Be5 20. Bxg5 Nh2 21. Qe3 Rf5
22. c5 h6 23. d6 cxd6 24. cxd6 Bxe6 25. dxe7 Re8 26. Rd8 Nxf1 27. Nf6+ Kf7 28.
Kxf1 Bxf6 29. Rxe8 Kxe8 30. Qd3 Rd5 0-1

[Event "Mistrzostwa Malopolski A"]
[Site "Krakow, Hotel Europejski"]
[Date "2013.??.??"]
[Round "7.6"]
[White "Molenda, Marcin"]
[Black "Kumor, Lukasz"]
[Result "0-1"]
[WhiteElo "1823"]
[BlackElo "2120"]
[PlyCount "78"]
[EventDate "2013.??.??"]

1. e4 e6 2. d4 d5 3. Nc3 Nf6 4. Bg5 Be7 5. e5 Nfd7 6. h4 Bxg5 7. hxg5 Qxg5 8.
Qd3 g6 9. Nf3 Qe7 10. Qe3 Nc6 11. O-O-O Nb6 12. Qf4 Bd7 13. Rh6 O-O-O 14. Ng5
Na5 15. Qf6 Qxf6 16. exf6 Be8 17. Rxh7 Rxh7 18. Nxh7 Bd7 19. Ng5 Rf8 20. Bd3
Be8 21. Rh1 Nd7 22. Nh7 Rh8 23. Rh3 Nc6 24. Ne2 e5 25. dxe5 Ncxe5 26. Nf4 Ng4
27. Nxd5 c6 28. Nc3 Nxf2 29. Rh4 Nf8 30. Bf1 Rxh7 31. Rf4 Nh1 32. Ne4 Ne6 33.
Rf3 Rh4 34. Nd6+ Kd7 35. Nxb7 Kc7 36. Na5 Rf4 37. Nc4 Rxf3 38. gxf3 Ng3 39. Bd3
Nh5 0-1

[Event "Mistrzostwa Malopolski A"]
[Site "Krakow, Hotel Europejski"]
[Date "2013.??.??"]
[Round "7.7"]
[White "Gora, Jan"]
[Black "Betkowski, Andrzej"]
[Result "1/2-1/2"]
[WhiteElo "1958"]
[BlackElo "2088"]
[PlyCount "80"]
[EventDate "2013.??.??"]

1. e4 e6 2. d4 d5 3. Nc3 Nc6 4. Nf3 Nf6 5. Bd3 Bb4 6. e5 Ne4 7. Bd2 Nxd2 8.
Qxd2 f6 9. a3 Be7 10. h4 Bd7 11. exf6 Bxf6 12. O-O-O Nxd4 13. Ng5 Qe7 14. Nxd5
Bxg5 15. hxg5 exd5 16. Bg6+ Kd8 17. Qxd4 Qxg5+ 18. Kb1 Qxg6 19. Qxd5 Qc6 20.
Qf7 Kc8 21. Qxg7 Rd8 22. Rxh7 b5 23. Rh6 Qe4 24. Rh7 Qc6 25. Rh6 Qe4 26. Rh7
Qc6 27. f4 a5 28. Rh6 Qe4 29. Rh7 b4 30. b3 Qc6 31. a4 Be8 32. Rxd8+ Kxd8 33.
Qe7+ Kc8 34. f5 Kb7 35. Rg7 Bh5 36. Qe5 Re8 37. Qb5+ Qxb5 38. axb5 Re1+ 39. Kb2
Rf1 40. g4 Bxg4 1/2-1/2

[Event "Mistrzostwa Malopolski A"]
[Site "Krakow, Hotel Europejski"]
[Date "2013.??.??"]
[Round "7.8"]
[White "Gbyl, Andrzej"]
[Black "Gawronski, Lukasz"]
[Result "1/2-1/2"]
[WhiteElo "2225"]
[BlackElo "2063"]
[PlyCount "79"]
[EventDate "2013.??.??"]

1. d4 Nf6 2. c4 g6 3. Nc3 d5 4. Bf4 Bg7 5. e3 O-O 6. cxd5 Nxd5 7. Nxd5 Qxd5 8.
Bxc7 Na6 9. Bxa6 bxa6 10. Nf3 Qb7 11. Bg3 Qxb2 12. O-O Be6 13. Qc1 Qxc1 14.
Rfxc1 Rfc8 15. Bc7 Bd5 16. a4 e6 17. Ne1 a5 18. f3 f5 19. Nd3 g5 20. Bxa5 f4
21. Bd2 Rc4 22. Rxc4 Bxc4 23. Ra3 Rd8 24. Kf2 fxe3+ 25. Bxe3 Bxd4 26. Bxd4 Rxd4
27. Ke3 Rd6 28. Rc3 Bxd3 29. Rxd3 Ra6 30. Rd4 Kg7 31. Kd3 Kf6 32. Kc3 Kf5 33.
h4 h6 34. hxg5 hxg5 35. Kb4 Rb6+ 36. Ka5 Rb2 37. Rg4 Rb6 38. Rc4 Rb2 39. g4+
Ke5 40. Re4+ 1/2-1/2

[Event "Mistrzostwa Malopolski A"]
[Site "Krakow, Hotel Europejski"]
[Date "2013.??.??"]
[Round "7.10"]
[White "Foglia, Maurizio"]
[Black "Kondopoulos, Dimitrios"]
[Result "0-1"]
[WhiteElo "2144"]
[BlackElo "2031"]
[PlyCount "66"]
[EventDate "2013.??.??"]

1. Nf3 c5 2. c4 g6 3. g3 Bg7 4. Bg2 Nc6 5. Nc3 e6 6. d3 Nge7 7. a3 d6 8. Bg5
Qd7 9. Qc2 h6 10. Bd2 b6 11. Rb1 Bb7 12. b4 Nf5 13. e3 g5 14. O-O g4 15. Ne1
Ne5 16. Ne4 Rc8 17. bxc5 dxc5 18. Bc3 O-O 19. Qb2 Nxd3 20. Nxd3 Qxd3 21. Bxg7
Bxe4 22. Bxe4 Qxe4 23. Bxf8 Rxf8 24. Qe2 Nd4 25. Qd1 Nf3+ 26. Kh1 Nd2+ 27. Kg1
Nf3+ 28. Kh1 Ne1+ 29. f3 Nxf3 30. Rb2 Nd2+ 31. Kg1 Nxf1 32. Qxf1 Qxe3+ 33. Rf2
Rd8 0-1

[Event "Mistrzostwa Malopolski A"]
[Site "Krakow, Hotel Europejski"]
[Date "2013.??.??"]
[Round "7.11"]
[White "Kyc, Jerzy"]
[Black "Knapik, Lucjan"]
[Result "1/2-1/2"]
[WhiteElo "1880"]
[BlackElo "1889"]
[PlyCount "143"]
[EventDate "2013.??.??"]

1. e4 e5 2. Nf3 Nc6 3. Bb5 a6 4. Ba4 Nf6 5. d3 d6 6. O-O Be7 7. c3 b5 8. Bc2
Bg4 9. Re1 O-O 10. Nbd2 Re8 11. h3 Bh5 12. Nf1 Nd7 13. Ng3 Bg6 14. d4 Bf6 15.
d5 Ne7 16. Qe2 c5 17. dxc6 Nxc6 18. Be3 Be7 19. Red1 Qc7 20. Bg5 Nc5 21. Bxe7
Qxe7 22. Rd2 Red8 23. Rad1 Rac8 24. Nh2 h6 25. Ng4 Qc7 26. Ne3 Ne7 27. Qf3 Rb8
28. Nef5 Bxf5 29. Nxf5 Nxf5 30. Qxf5 Qe7 31. Rd5 g6 32. Qg4 Ne6 33. Bb3 h5 34.
Qf3 Nc5 35. Bc2 Kg7 36. b4 Ne6 37. Bb3 Rbc8 38. Kh2 Nf4 39. R5d2 Rc6 40. g3 Ne6
41. Bd5 Rb6 42. Qe3 Qc7 43. Rd3 Rd7 44. Kg2 Rb8 45. Qd2 Rb6 46. Rf3 Qd8 47. h4
Nc7 48. Bb3 f6 49. Rd3 Qa8 50. Qe3 Qc6 51. Kh2 Rb8 52. f3 Qb6 53. Qd2 Rbd8 54.
Kh3 Qc6 55. a3 Ne8 56. Be6 Re7 57. Bd5 Qc8+ 58. Kh2 Rc7 59. Rg1 f5 60. exf5
Qxf5 61. Be4 Qf6 62. Qf2 Rf7 63. Qe3 Nc7 64. Rgd1 d5 65. Bxd5 Rxd5 66. Rxd5
Nxd5 67. Rxd5 Qxf3 68. Qxe5+ Kh7 69. Rd2 Qf1 70. Rg2 Qc1 71. Qc5 Rf1 72. Rg1
1/2-1/2

[Event "Mistrzostwa Malopolski A"]
[Site "Krakow, Hotel Europejski"]
[Date "2013.??.??"]
[Round "7.13"]
[White "Zajac, Mateusz"]
[Black "Kasperek, Krzysztof"]
[Result "1-0"]
[WhiteElo "2060"]
[BlackElo "1810"]
[PlyCount "73"]
[EventDate "2013.??.??"]

1. d4 d5 2. c4 e6 3. Nf3 Nf6 4. g3 dxc4 5. Bg2 Bd7 6. Ne5 Nc6 7. Nxc6 Bxc6 8.
Bxc6+ bxc6 9. Qa4 Qd5 10. O-O Qb5 11. Qc2 Bb4 12. Bf4 Nd5 13. Rc1 Nxf4 14. gxf4
O-O 15. Qxc4 Bd6 16. Qxb5 cxb5 17. e3 f5 18. Nd2 h6 19. h4 g5 20. hxg5 hxg5 21.
fxg5 Kg7 22. f4 Rh8 23. Nf3 b4 24. Kg2 Rac8 25. Rc6 Rb8 26. Ra6 Rb7 27. Nd2 Rh4
28. Rh1 Rxh1 29. Kxh1 Rb6 30. Rxb6 axb6 31. Kg2 c5 32. Nc4 Bc7 33. Ne5 Bd6 34.
Nc4 Bc7 35. dxc5 bxc5 36. a3 bxa3 37. bxa3 1-0

[Event "Mistrzostwa Malopolski A"]
[Site "Krakow, Hotel Europejski"]
[Date "2013.??.??"]
[Round "7.14"]
[White "Ociepka, Tomasz"]
[Black "Lis, Mateusz"]
[Result "0-1"]
[WhiteElo "1812"]
[BlackElo "1687"]
[PlyCount "118"]
[EventDate "2013.??.??"]

1. d4 Nf6 2. c4 g6 3. Nc3 Bg7 4. e4 d6 5. f3 O-O 6. Be3 a6 7. Qd2 Nbd7 8. g4 c5
9. d5 Rb8 10. h3 Qa5 11. Bh6 b5 12. Bxg7 Kxg7 13. b3 bxc4 14. Bxc4 Nb6 15. Bd3
e6 16. dxe6 Bxe6 17. Nge2 Bxb3 18. O-O Be6 19. f4 Na4 20. f5 Bd7 21. fxg6 fxg6
22. Rab1 c4 23. Bc2 Rxb1 24. Rxb1 Qc5+ 25. Kg2 Nxg4 26. hxg4 Qf2+ 27. Kh1 Bxg4
28. Rb7+ Kh8 29. Qd4+ Qxd4 30. Nxd4 Nxc3 31. a3 Bf3+ 32. Nxf3 Rxf3 33. Kg2 Re3
34. Kf1 Nxe4 35. a4 Ng3+ 36. Kg1 Re1+ 37. Kf2 Re2+ 38. Kxg3 Rxc2 39. Rb6 Ra2
40. Rxa6 c3 41. Rxd6 Rxa4 42. Rc6 Ra2 43. Rxc3 Kg7 44. Kg4 Ra4+ 45. Kg3 h5 46.
Rc6 Kh6 47. Rc5 h4+ 48. Kh3 g5 49. Rc6+ Kh5 50. Rc8 Ra3+ 51. Kh2 Ra2+ 52. Kh1
h3 53. Rg8 Kh4 54. Kg1 g4 55. Rh8+ Kg3 56. Kf1 h2 57. Rh7 h1=Q+ 58. Rxh1 Ra1+
59. Ke2 Rxh1 0-1

[Event "Mistrzostwa Malopolski A"]
[Site "Krakow, Hotel Europejski"]
[Date "2013.??.??"]
[Round "8.1"]
[White "Tokarski, Lukasz"]
[Black "Jakubiec, Artur"]
[Result "1/2-1/2"]
[WhiteElo "2270"]
[BlackElo "2531"]
[PlyCount "96"]
[EventDate "2013.??.??"]

1. e4 c6 2. d4 d5 3. Nd2 dxe4 4. Nxe4 Nf6 5. Nxf6+ gxf6 6. Nf3 Bg4 7. c3 e6 8.
Be2 Nd7 9. Bf4 Nb6 10. h3 Bh5 11. Qb3 Rg8 12. g4 Bg6 13. c4 Qd7 14. O-O-O Bd6
15. Be3 Be7 16. Nh4 Qc7 17. Nxg6 hxg6 18. Bf3 O-O-O 19. Kb1 g5 20. d5 c5 21. a4
exd5 22. cxd5 Bd6 23. a5 Nd7 24. Qa4 Kb8 25. Rc1 a6 26. Rc3 Ne5 27. Be2 Qe7 28.
Rhc1 Rc8 29. Rb3 Ka8 30. Rbc3 Rc7 31. b4 Rgc8 32. b5 Qe8 33. Qb3 c4 34. Bxc4
axb5 35. Bf1 Rxc3 36. Rxc3 b4 37. Rxc8+ Qxc8 38. Qb2 Nc4 39. Qc1 Na3+ 40. Ka2
Qd7 41. a6 Be7 42. axb7+ Kxb7 43. Bg2 Kb8 44. Qc6 Qxc6 45. dxc6 Nc4 46. Bd5
Nxe3 47. fxe3 Kc7 48. Kb3 Bc5 1/2-1/2

[Event "Mistrzostwa Malopolski A"]
[Site "Krakow, Hotel Europejski"]
[Date "2013.??.??"]
[Round "8.2"]
[White "Barski, Radoslaw"]
[Black "Szuper, Paul"]
[Result "1-0"]
[WhiteElo "2238"]
[BlackElo "2188"]
[PlyCount "67"]
[EventDate "2013.??.??"]

1. e4 e5 2. Nf3 Nc6 3. Bb5 Nf6 4. d3 Bd6 5. c3 O-O 6. Nbd2 a6 7. Ba4 b5 8. Bb3
h6 9. Nf1 Re8 10. h3 Na5 11. Bc2 c5 12. g4 Nh7 13. h4 Bf8 14. Ne3 Bb7 15. g5 h5
16. g6 fxg6 17. Rg1 Qf6 18. c4 Be7 19. Bd2 Bd8 20. Rg3 b4 21. Qe2 Nc6 22. Nd5
Qf7 23. O-O-O a5 24. Rdg1 Re6 25. Bd1 Nd4 26. Nxd4 cxd4 27. f4 Bxh4 28. R3g2
Bxd5 29. exd5 Rea6 30. fxe5 Re8 31. e6 dxe6 32. Rxg6 Bf6 33. Qxh5 exd5 34. Rh1
1-0

[Event "Mistrzostwa Malopolski A"]
[Site "Krakow, Hotel Europejski"]
[Date "2013.??.??"]
[Round "8.3"]
[White "Mikrut, Dariusz"]
[Black "Kumor, Lukasz"]
[Result "1-0"]
[WhiteElo "2361"]
[BlackElo "2120"]
[PlyCount "91"]
[EventDate "2013.??.??"]

1. d4 d5 2. c4 c6 3. Nf3 Nf6 4. e3 Bf5 5. Nc3 e6 6. Nh4 Bg6 7. Qb3 Qb6 8. Nxg6
hxg6 9. Qc2 Nbd7 10. Bd2 Be7 11. g3 Qc7 12. cxd5 cxd5 13. Rc1 Rc8 14. Qa4 Qb6
15. Bd3 O-O 16. f4 a6 17. Qb3 Qxb3 18. axb3 Rc6 19. Ke2 Rfc8 20. Kf3 R6c7 21.
h4 Rc6 22. g4 Bf8 23. Rh2 R6c7 24. Rch1 Bd6 25. Rh3 Kf8 26. h5 gxh5 27. g5 Ne8
28. Rxh5 g6 29. Rh8+ Ke7 30. Rg8 Nf8 31. e4 dxe4+ 32. Nxe4 Rc6 33. Bc3 Nd7 34.
Rh7 Nf8 35. Rhh8 Nd7 36. Ba5 b5 37. Nc3 Rb8 38. Bxg6 Rcc8 39. Rh7 Bc7 40. Rxf7+
Kd6 41. Bb4+ Kc6 42. Be4+ Kb6 43. Rxd7 a5 44. Bc5+ Ka6 45. Rxe8 Rxe8 46. Rxc7
1-0

[Event "Mistrzostwa Malopolski A"]
[Site "Krakow, Hotel Europejski"]
[Date "2013.??.??"]
[Round "8.4"]
[White "Mucha, Roman"]
[Black "Tyukhanov, Alexey"]
[Result "1/2-1/2"]
[WhiteElo "2177"]
[BlackElo "2237"]
[PlyCount "101"]
[EventDate "2013.??.??"]

1. e4 c6 2. d4 d5 3. e5 c5 4. dxc5 Nc6 5. Nf3 Bg4 6. c3 Bxf3 7. Qxf3 e6 8. Be3
Nxe5 9. Bb5+ Nc6 10. c4 a6 11. Ba4 Qf6 12. cxd5 Qxf3 13. gxf3 exd5 14. Nc3
O-O-O 15. O-O-O Nge7 16. Bxc6 bxc6 17. b4 Nf5 18. Bf4 Be7 19. Rhe1 Bf6 20. Be5
Bg5+ 21. Kb2 Rhe8 22. a4 f6 23. Bg3 Rxe1 24. Rxe1 h5 25. h3 Kd7 26. Rd1 Nxg3
27. fxg3 Be3 28. Rd3 Bg1 29. Rd1 Bh2 30. g4 Re8 31. Kc2 Re3 32. Rd3 Re1 33. b5
axb5 34. axb5 cxb5 35. Rxd5+ Kc6 36. Rxh5 Be5 37. Ne4 Re3 38. Rh7 b4 39. Nd2
Rc3+ 40. Kb1 g5 41. Rh8 Rxc5 42. h4 gxh4 43. Rxh4 Kb5 44. Rh7 Rc8 45. Rb7+ Kc5
46. Ne4+ Kc4 47. Kc2 Kd4+ 48. Kb3 Ke3 49. Rf7 Rc6 50. Kxb4 Kxf3 51. Nxf6
1/2-1/2

[Event "Mistrzostwa Malopolski A"]
[Site "Krakow, Hotel Europejski"]
[Date "2013.??.??"]
[Round "8.5"]
[White "Kondopoulos, Dimitrios"]
[Black "Watorek, Marcin"]
[Result "1-0"]
[WhiteElo "2031"]
[BlackElo "2109"]
[PlyCount "135"]
[EventDate "2013.??.??"]

1. e4 c5 2. Nf3 d6 3. d4 cxd4 4. Nxd4 Nf6 5. Nc3 Nc6 6. Bg5 e6 7. Qd2 a6 8.
O-O-O Bd7 9. f4 b5 10. Bxf6 gxf6 11. f5 Nxd4 12. Qxd4 Bh6+ 13. Kb1 Bf4 14. fxe6
fxe6 15. Be2 Rc8 16. Bh5+ Ke7 17. Ne2 Be5 18. Qe3 Rc4 19. Rhf1 Qg8 20. b3 Rc5
21. h4 Qc8 22. Rd2 Rg8 23. g4 Rg7 24. Nc1 Rc3 25. Nd3 Rxd3 26. Rxd3 b4 27. Qh6
Qg8 28. g5 fxg5 29. Rdf3 Be8 30. hxg5 Bg6 31. Rf6 Bxe4 32. Rf7+ Qxf7 33. Rxf7+
Rxf7 34. Bxf7 Kxf7 35. Qh5+ Kg7 36. Qh6+ Kf7 37. Kc1 Bf4+ 38. Kd1 Bg6 39. Qh4
e5 40. Qg4 Ke7 41. Qh4 Ke6 42. Qh3+ Bf5 43. Qh6+ Bg6 44. Ke2 Kd7 45. Qf8 Bxg5
46. Qg8 Kc6 47. Qc8+ Kb6 48. Qb8+ Kc6 49. Qxb4 Bd8 50. Qc4+ Kb6 51. a4 Bc7 52.
a5+ Kb7 53. Qd5+ Ka7 54. b4 Be8 55. c4 h5 56. Kd3 Bd7 57. Kc3 Bc8 58. Qf7 Kb8
59. Qe7 Bb7 60. Qe8+ Ka7 61. Kd2 e4 62. Ke3 Ba8 63. Qc8 Bb8 64. b5 Bb7 65. b6+
Ka8 66. Qe8 d5 67. c5 d4+ 68. Kxd4 1-0

[Event "Mistrzostwa Malopolski A"]
[Site "Krakow, Hotel Europejski"]
[Date "2013.??.??"]
[Round "8.6"]
[White "Gbyl, Andrzej"]
[Black "Gora, Jan"]
[Result "0-1"]
[WhiteElo "2225"]
[BlackElo "1958"]
[PlyCount "50"]
[EventDate "2013.??.??"]

1. d4 d5 2. c4 e6 3. Nc3 c6 4. Nf3 dxc4 5. e3 b5 6. a4 Bb4 7. Bd2 a5 8. axb5
Bxc3 9. Bxc3 cxb5 10. b3 Bb7 11. d5 Nf6 12. bxc4 b4 13. Bxf6 Qxf6 14. Qa4+ Nd7
15. Nd4 Qe7 16. Qb5 Rb8 17. Qxa5 O-O 18. Rb1 exd5 19. cxd5 Qe4 20. Rd1 Bxd5 21.
Be2 Qxg2 22. Kd2 Nf6 23. f3 Bxf3 24. Rhg1 Ne4+ 25. Ke1 Qf2# 0-1

[Event "Mistrzostwa Malopolski A"]
[Site "Krakow, Hotel Europejski"]
[Date "2013.??.??"]
[Round "8.7"]
[White "Jakubiec, Edyta"]
[Black "Kyc, Jerzy"]
[Result "1/2-1/2"]
[WhiteElo "2237"]
[BlackElo "1880"]
[PlyCount "47"]
[EventDate "2013.??.??"]

1. d4 Nf6 2. c4 g6 3. Nc3 d5 4. Nf3 Bg7 5. e3 b6 6. Be2 O-O 7. O-O Bb7 8. b3
dxc4 9. bxc4 Nbd7 10. Bb2 e6 11. Qc2 c5 12. Rfd1 cxd4 13. exd4 a6 14. a4 Rc8
15. Ba3 Re8 16. Ne5 Qc7 17. f4 Bf8 18. Bxf8 Rxf8 19. Rac1 Rfd8 20. a5 b5 21.
cxb5 axb5 22. Qb3 Qxa5 23. Qxb5 Qxb5 24. Nxb5 1/2-1/2

[Event "Mistrzostwa Malopolski A"]
[Site "Krakow, Hotel Europejski"]
[Date "2013.??.??"]
[Round "8.8"]
[White "Shilov, Sergej"]
[Black "Zadlo, Maciej"]
[Result "1-0"]
[WhiteElo "2217"]
[BlackElo "1814"]
[PlyCount "51"]
[EventDate "2013.??.??"]

1. c4 c5 2. Nc3 Nc6 3. g3 g6 4. Bg2 Bg7 5. e3 e6 6. a3 Nge7 7. Nge2 O-O 8. O-O
d5 9. cxd5 Nxd5 10. Qc2 b6 11. d4 Ba6 12. dxc5 bxc5 13. Rd1 Bxe2 14. Nxe2 Qa5
15. Bd2 Qb6 16. Nc3 Nxc3 17. Bxc3 Bxc3 18. Qxc3 Rfc8 19. Rd6 Rc7 20. Rad1 Rac8
21. Qf6 h5 22. Be4 a5 23. Rd7 Rxd7 24. Rxd7 Nd8 25. Bxg6 fxg6 26. Qg7# 1-0

[Event "Mistrzostwa Malopolski A"]
[Site "Krakow, Hotel Europejski"]
[Date "2013.??.??"]
[Round "8.9"]
[White "Betkowski, Andrzej"]
[Black "Molenda, Marcin"]
[Result "1/2-1/2"]
[WhiteElo "2088"]
[BlackElo "1823"]
[PlyCount "48"]
[EventDate "2013.??.??"]

1. d4 Nf6 2. Nf3 g6 3. Nbd2 d5 4. c4 Bg7 5. cxd5 Nxd5 6. e4 Nb6 7. Nb3 O-O 8.
Be2 N8d7 9. O-O c6 10. a4 f5 11. a5 fxe4 12. Ng5 Nd5 13. Ne6 Qe8 14. Nxf8 Qxf8
15. Bc4 N7f6 16. f3 exf3 17. Qxf3 Bf5 18. Bd3 Bg4 19. Qg3 Qc8 20. Bg5 Be6 21.
Nc5 Bf7 22. Qf2 Qc7 23. Bxf6 Nxf6 24. Rad1 Bd5 1/2-1/2

[Event "Mistrzostwa Malopolski A"]
[Site "Krakow, Hotel Europejski"]
[Date "2013.??.??"]
[Round "8.10"]
[White "Gawronski, Lukasz"]
[Black "Bus, Konrad"]
[Result "1-0"]
[WhiteElo "2063"]
[BlackElo "2077"]
[PlyCount "111"]
[EventDate "2013.??.??"]

1. d4 d5 2. Nf3 g6 3. Bf4 Nf6 4. e3 Bg7 5. c4 c6 6. Nc3 O-O 7. Qb3 a6 8. cxd5
Nxd5 9. Nxd5 cxd5 10. Bd3 Qa5+ 11. Ke2 Nc6 12. Rhc1 Qd8 13. Rc5 e6 14. Kf1 f6
15. Bg3 Re8 16. Rac1 Bf8 17. R5c3 Kh8 18. e4 a5 19. e5 Bg7 20. Bb5 Bd7 21. exf6
Bxf6 22. Bxc6 Bxc6 23. Be5 Rc8 24. Kg1 Rf8 25. Qa3 Bxe5 26. Nxe5 Qh4 27. Rf3
Rxf3 28. Qxf3 Qe7 29. Qg4 Qf6 30. Rc3 Qf5 31. Qxf5 exf5 32. f4 Kg7 33. Kf2 Kf6
34. Rc5 a4 35. Ke3 Ke6 36. Nxc6 bxc6 37. Kd3 Kd6 38. Ra5 Rb8 39. Kc3 Re8 40.
Rxa4 Re2 41. Ra7 Rxg2 42. Rxh7 c5 43. dxc5+ Kxc5 44. b4+ Kb5 45. Rb7+ Kc6 46.
Rg7 Kb5 47. Kb3 d4 48. a4+ Kc6 49. Kc4 Rg4 50. a5 d3 51. b5+ Kd6 52. Kxd3 Kc5
53. b6 Rxf4 54. b7 Rd4+ 55. Ke3 Rd8 56. Rxg6 1-0